01539 a2200193 45000010006000000050017000060080041000230030015000640400040000790800095001192450039002140200018002532640031002713000019003025050899003210410008012201000022012288560095012505387420260407155809.0260407a1977 arg spa dAR-UNSa-BCEJYS aAR-UNSa-BCEJYSbspacAR-UNSa-BCEJYS a330.8xHistoria de las teorías, Doctrinas, Dogmas económicos (pensamiento económico)10aEl pensamiento económico moderno a968-419-108-1 1aMéxico :bGrijalboc1977 a176 p.c19 cm. a1. La orientación del pensamiento económico con el advenimiento de la teoría marginal y el abandono de la línea de investigación de los economistas clásicos - 2. Walras y el análisis del equilibrio económico general. Insuficiencias sustanciales de la teoría marginal del valor y del capital – 3. Teoría del desarrollo capitalista. El análisis de J. Schumpeter: Analogías y diferencias relevantes con el de K. Marx – 4. El capitalismo monopolista y las teorías sobre nuevas “formas de mercado” – 5. La teoría de J. M. Keynes y las políticas Keynesianas – 6. Modelos macroeconómicos y metodologías de la programación. La aplicación de las matemáticas y la economía – 7. Planificación socialista y análisis económico – 8. Teoría económica y capitalismo contemporáneo – 9. Orientaciones actuales del pensamiento económico.  aspa1 aVitello, Vincenzo41uhttps://biblioeco.unsa.edu.ar/pmb/images/libros/L128454.jpgyImagen de portadaqimage/jpeg